000 00699nam a2200193 i 4500
001 bg
245 0 _aMetodyka badań kosztów produkcji i kosztów eksploatacji środków technicznych w gospodarstwach rodzinnych /
_cZdzisław Wójcicki i zespół ; Inst. Budownictwa, Mechanizacji i Elektryfikacji Rolnictwa.
260 _aWarszawa :
_bIBMER,
_c1995.
300 _a52 s. :
_bwykr. ;
_c31 cm.
501 _aBibliogr. s. 52.
650 9 _aRolnictwo
_xkoszty
650 9 _aGospodarstwo rolne
710 _aInstytut Budownictwa, Mechanizacji i Elektryfikacji Rolnictwa
040 _cBPK
041 _apl
080 _a631.16:631.115.1
942 _cKA
008 s pl f |000 0 pol
999 _c24164
_d24164
856 _uhttp://koha.tu.koszalin.pl/cgi-bin/koha/opac-detail.pl?biblionumber=24164
_yKatalog online BPK